ARRUPE JESUIT UNIVERSITY

CORONAVIRUS -STOP THE SPREAD - CLEAN,DISINFECT,COVER

How is the internet changing the way you think (Record no. 118989)

MARC details
000 -LEADER
fixed length control field 00499nam a22001337a 4500
008 - FIXED-LENGTH DATA ELEMENTS--GENERAL INFORMATION
fixed length control field 131203b xxu||||| |||| 00| 0 eng d
050 ## - LIBRARY OF CONGRESS CALL NUMBER
Classification number TK5105.875 .I57 2011
100 ## - MAIN ENTRY--PERSONAL NAME
Personal name Brockman,John
9 (RLIN) 4836
245 ## - TITLE STATEMENT
Title How is the internet changing the way you think
Remainder of title The net's impact on our Minds and Future
Statement of responsibility, etc John Brockman
260 ## - PUBLICATION, DISTRIBUTION, ETC. (IMPRINT)
Place of publication, distribution, etc London
Name of publisher, distributor, etc Atlantic Books
Date of publication, distribution, etc 2011
300 ## - PHYSICAL DESCRIPTION
Extent xxx, 408p. ;
Dimensions 23cm.
650 ## - SUBJECT ADDED ENTRY--TOPICAL TERM
Topical term or geographic name as entry element Internet
General subdivision Internet
-- social aspects
-- Thoughts and thinking
9 (RLIN) 4837
942 ## - ADDED ENTRY ELEMENTS (KOHA)
Source of classification or shelving scheme Library of Congress Classification
Item type Monograph ( Printed materials)
Koha issues (borrowed), all copies 1
Holdings
Withdrawn status Lost status Source of classification or shelving scheme Damaged status Not for loan Home library Current library Date acquired Total Checkouts Full call number Barcode Date last seen Date last borrowed Price effective from Koha item type
    Library of Congress Classification     ARRUPE LIBRARY ARRUPE LIBRARY 03/12/2013 4 TK5105.875 .I57 2011 46411473 11/09/2019 29/03/2017 03/12/2013 Monograph ( Printed materials)

 

Arrupe Library. PO Box MP320 Mt Pleasant, Harare, Zimbabwe
263 242 745411|librarian@aju.ac.zw